[Event "FRA Team Ch"]
[Site "VANDOEUVRE"]
[Date "2002.03.29"]
[Round "4.6"]
[White "Marzolo, Cyril"]
[Black "Doornbos, Yann"]
[Result "1/2-1/2"]
[WhiteElo "2403"]
[BlackElo "2334"]
[PlyCount "106"]
[EventDate "2002.03.??"]
[WhiteTeam "Mulhouse"]
[BlackTeam "Drancy"]

1. d4 d5 2. Nf3 Nf6 3. Bf4 e6 4. e3 Bd6 5. Ne5 O-O 6. Bd3 c5 7. c3 Nc6 8. Nd2
Qc7 9. Ndf3 Ne4 10. Qc2 f5 11. h4 Nf6 12. h5 c4 13. Be2 Nd7 14. Nxc6 bxc6 15.
Ng5 Rf6 16. Bxd6 Qxd6 17. f4 Rb8 18. b4 cxb3 19. axb3 c5 20. Rxa7 Qb6 21. Qa2
Rf8 22. h6 Rf6 23. hxg7 h6 24. Nf3 Rg6 25. Qa5 Qxa5 26. Rxa5 Rxb3 27. Ra8 Nb6
28. Rb8 Rb1+ 29. Kf2 Rxh1 30. Rxb6 cxd4 31. Rb8 dxe3+ 32. Kxe3 Rxg2 33. Rxc8+
Kxg7 34. Nd4 h5 35. Nxe6+ Kf6 36. Nd4 h4 37. Rc6+ Kf7 38. Bf3 Re1+ 39. Ne2 h3
40. Rh6 Rh2 41. Rh4 Ke7 42. Kd3 Rd1+ 43. Ke3 Re1 44. Kd4 Rexe2 45. Bxe2 Rxe2
46. Kxd5 h2 47. c4 Kf6 48. c5 Rd2+ 49. Kc6 Rf2 50. Kd6 Rxf4 51. Rxh2 Rd4+ 52.
Kc7 Rc4 53. c6 Kg5 1/2-1/2

[Event "FRA Team Ch"]
[Site "VANDOEUVRE"]
[Date "2002.??.??"]
[Round "4.7"]
[White "Moracchini, Fabrice"]
[Black "Ekstroem, Roland"]
[Result "1/2-1/2"]
[WhiteElo "2311"]
[BlackElo "2480"]
[PlyCount "55"]
[EventDate "2002.03.??"]
[WhiteTeam "Drancy"]
[BlackTeam "Mulhouse"]

1. d4 Nf6 2. c4 e6 3. Nc3 Bb4 4. Qc2 O-O 5. a3 Bxc3+ 6. Qxc3 b6 7. Bg5 Bb7 8.
f3 h6 9. Bh4 d6 10. e3 Nbd7 11. Bd3 Rc8 12. b4 c5 13. dxc5 bxc5 14. b5 Ne5 15.
Be2 Re8 16. Bf2 Nfd7 17. Nh3 d5 18. O-O Nxc4 19. Bxc4 dxc4 20. Rfd1 Qe7 21.
Qxc4 Ne5 22. Qc3 Qf6 23. e4 Red8 24. Rac1 Rxd1+ 25. Rxd1 Ng4 26. Qxf6 Nxf6 27.
Nf4 a6 28. b6 1/2-1/2

[Event "FRA Team Ch"]
[Site "VANDOEUVRE"]
[Date "2002.03.29"]
[Round "4.8"]
[White "Claverie, Christophe"]
[Black "Buchy, Daniel"]
[Result "1/2-1/2"]
[WhiteElo "2363"]
[BlackElo "2195"]
[PlyCount "124"]
[EventDate "2002.03.??"]
[WhiteTeam "Mulhouse"]
[BlackTeam "Drancy"]

1. d4 d5 2. Bg5 f5 3. e3 Nf6 4. Bxf6 exf6 5. g3 Bd6 6. Bg2 Be6 7. Ne2 c6 8. Nd2
Nd7 9. c3 Qe7 10. Qc2 Nb6 11. b3 Qf7 12. Nf4 Bxf4 13. gxf4 Nc8 14. c4 dxc4 15.
bxc4 Nd6 16. c5 Nc8 17. Rg1 O-O 18. Bf1 Kh8 19. Bd3 Qh5 20. Nf1 Ne7 21. Ng3
Qxh2 22. O-O-O g6 23. Rh1 Qg2 24. Ne4 fxe4 25. Bxe4 Bf5 26. Bxg2 Bxc2 27. Kxc2
f5 28. Rb1 b5 29. a4 a6 30. Kc3 Rfb8 31. axb5 axb5 32. Ra1 Kg7 33. Kb4 h5 34.
Rhd1 Kf6 35. Rxa8 Rxa8 36. Bxc6 Nxc6+ 37. Kxb5 Ne7 38. d5 Rb8+ 39. Ka6 Rb2 40.
c6 Rc2 41. Kb7 h4 42. f3 h3 43. e4 fxe4 44. fxe4 h2 45. c7 Rb2+ 46. Ka6 Nc8 47.
d6 Rd2 48. Rxd2 h1=Q 49. d7 Qa1+ 50. Kb5 Qb1+ 51. Ka5 Qb6+ 52. Ka4 Qc6+ 53. Kb3
Qb6+ 54. Ka2 Qa5+ 55. Kb1 Qb4+ 56. Kc1 Qc4+ 57. Kd1 Qf1+ 58. Kc2 Qc4+ 59. Kd1
Qa4+ 60. Kc1 Qc4+ 61. Kd1 Qa4+ 62. Kc1 Qc4+ 1/2-1/2

[Event "FRA Team Ch"]
[Site "VANDOEUVRE"]
[Date "2002.??.??"]
[Round "4.9"]
[White "Barakoff, Annie"]
[Black "Muller, Anne"]
[Result "0-1"]
[WhiteElo "1810"]
[BlackElo "2167"]
[PlyCount "62"]
[EventDate "2002.03.??"]
[WhiteTeam "Drancy"]
[BlackTeam "Mulhouse"]

1. c4 e5 2. Nc3 Nf6 3. g3 d5 4. cxd5 Nxd5 5. Bg2 Nb6 6. Nf3 Nc6 7. O-O Be7 8.
a3 O-O 9. b4 Re8 10. d3 Bf8 11. Bb2 a5 12. b5 Nd4 13. a4 Rb8 14. Rc1 Bg4 15. e3
Nxf3+ 16. Bxf3 Bxf3 17. Qxf3 Qxd3 18. Rfd1 Qg6 19. Ra1 Nc4 20. Qe2 Nxb2 21.
Qxb2 h5 22. h4 Bc5 23. Rd5 Bxe3 24. fxe3 Qxg3+ 25. Kf1 Qxe3 26. Rad1 Qf3+ 27.
Kg1 Re6 28. Kh2 Qf4+ 29. Kh3 Qg4+ 30. Kh2 Qxh4+ 31. Kg1 Rg6+ 0-1

[Event "FRA Team Ch"]
[Site "SAUTRON"]
[Date "2002.03.29"]
[Round "4.2"]
[White "Vaisser, Anatoly"]
[Black "Karr, Jean-Philippe"]
[Result "1-0"]
[WhiteElo "2572"]
[BlackElo "2402"]
[PlyCount "63"]
[EventDate "2002.03.??"]
[WhiteTeam "Nice"]
[BlackTeam "Noyon"]

1. d4 Nf6 2. c4 g6 3. Nc3 d5 4. cxd5 Nxd5 5. e4 Nxc3 6. bxc3 Bg7 7. Nf3 c5 8.
Rb1 O-O 9. Be2 b6 10. Be3 Bb7 11. e5 cxd4 12. cxd4 Be4 13. Rc1 Nc6 14. h4 Rc8
15. h5 Nb4 16. hxg6 hxg6 17. Rxc8 Qxc8 18. Qd2 Nc2+ 19. Kf1 Nxe3+ 20. fxe3 Qc6
21. Kf2 Rc8 22. Rd1 Qc2 23. Ne1 Qxd2 24. Rxd2 e6 25. Bf3 Bc6 26. Bxc6 Rxc6 27.
Rc2 Rxc2+ 28. Nxc2 Kf8 29. Nb4 Ke8 30. Nc6 a5 31. Na7 Kd7 32. a4 1-0

[Event "FRA Team Ch"]
[Site "SAUTRON"]
[Date "2002.03.29"]
[Round "4.3"]
[White "Glavina, Pablo"]
[Black "Sulava, Nenad"]
[Result "0-1"]
[WhiteElo "2417"]
[BlackElo "2552"]
[PlyCount "88"]
[EventDate "2002.03.??"]
[WhiteTeam "Noyon"]
[BlackTeam "Nice"]

1. e4 c5 2. Nf3 e6 3. c3 Nf6 4. e5 Nd5 5. d4 cxd4 6. cxd4 d6 7. a3 Nd7 8. Bd3
dxe5 9. dxe5 g6 10. O-O Bg7 11. Re1 O-O 12. b4 a5 13. b5 Nc5 14. Bf1 b6 15.
Nbd2 a4 16. Qc2 Bb7 17. Bb2 Rc8 18. Rad1 Qe7 19. Nc4 Rc7 20. Nd4 Ba8 21. g3
Rfc8 22. Qe2 Nd7 23. Rc1 Bh6 24. Rc2 Rc5 25. Bg2 Bg7 26. Rec1 Bh6 27. Re1 R8c7
28. Be4 Bg7 29. f4 Nxf4 30. gxf4 Bxe4 31. Qxe4 Rxc4 32. Qa8+ Nf8 33. Rf2 Qc5
34. Rd1 Rd7 35. Rfd2 Bh6 36. Kf1 Rd5 37. Ne2 Rxd2 38. Rxd2 Qxb5 39. Bd4 Qb3 40.
Kg2 Rc2 41. Rxc2 Qxc2 42. Kf3 Qd3+ 43. Be3 Qxa3 44. Ng3 g5 0-1

[Event "FRA Team Ch"]
[Site "SAUTRON"]
[Date "2002.03.29"]
[Round "4.4"]
[White "Banikas, Hristos"]
[Black "Marcelin, Cyril"]
[Result "1-0"]
[WhiteElo "2518"]
[BlackElo "2455"]
[PlyCount "95"]
[EventDate "2002.03.??"]
[WhiteTeam "Nice"]
[BlackTeam "Noyon"]

1. d4 d5 2. c4 e6 3. Nf3 c6 4. e3 Bd6 5. Bd3 f5 6. O-O Nf6 7. b3 Qe7 8. Bb2 O-O
9. Ne5 b6 10. a4 a5 11. Qe2 Bb7 12. cxd5 cxd5 13. Na3 Nc6 14. Nb5 Bb4 15. Rfc1
Rfc8 16. Nxc6 Bxc6 17. Rc2 Bb7 18. Rac1 Rxc2 19. Qxc2 Rc8 20. Qd1 Rxc1 21. Qxc1
Ne4 22. Qc2 Nd6 23. Nc3 Ne4 24. Nb5 Nd6 25. Na7 Qd7 26. Bc3 Qc7 27. Bxb4 Qxc2
28. Bxc2 axb4 29. f3 Kf7 30. Kf2 h6 31. Bd3 Ke7 32. h3 Nc8 33. Nxc8+ Bxc8 34.
Bb5 Bd7 35. Bxd7 Kxd7 36. Kg3 Ke7 37. Kh4 Kf6 38. Kh5 e5 39. f4 exd4 40. exd4
Kf7 41. g4 Kf6 42. g5+ hxg5 43. fxg5+ Kf7 44. g6+ Kf6 45. h4 f4 46. Kg4 f3 47.
Kxf3 Kf5 48. Kg3 1-0

[Event "FRA Team Ch"]
[Site "SAUTRON"]
[Date "2002.03.29"]
[Round "4.5"]
[White "Tirard, Hugo"]
[Black "Nikolaidis, Ioannis"]
[Result "1-0"]
[WhiteElo "2401"]
[BlackElo "2527"]
[PlyCount "52"]
[EventDate "2002.03.??"]
[WhiteTeam "Noyon"]
[BlackTeam "Nice"]

1. e4 c5 2. Nf3 e6 3. d4 cxd4 4. Nxd4 a6 5. Nc3 b5 6. Bd3 Qb6 7. Nb3 Qc7 8. O-O
Nf6 9. f4 d6 10. Qf3 Bb7 11. Bd2 Be7 12. Rae1 Nbd7 13. Qh3 g6 14. Kh1 h5 15.
Nd1 Rc8 16. Bc3 e5 17. Bd2 Ng4 18. Nf2 Ndf6 19. Nxg4 Nxg4 20. Qg3 Nf6 21. Na5
Ba8 22. c4 Qb8 23. fxe5 dxe5 24. Bc3 Nd7 25. b4 O-O 26. c5 Kh7 {
Illisible apres.} 1-0

[Event "FRA Team Ch"]
[Site "SAUTRON"]
[Date "2002.03.29"]
[Round "4.6"]
[White "Bujisho, Benjamin"]
[Black "Carton, Camille"]
[Result "1-0"]
[WhiteElo "2358"]
[BlackElo "2221"]
[PlyCount "81"]
[EventDate "2002.03.??"]
[WhiteTeam "Nice"]
[BlackTeam "Noyon"]

1. d4 d5 2. c4 e6 3. Nc3 c6 4. e3 f5 5. Bd3 Nf6 6. Nge2 Bd6 7. f3 O-O 8. Qc2
Nbd7 9. Bd2 dxc4 10. Bxc4 Nb6 11. Bb3 Nfd5 12. g3 Kh8 13. a3 e5 14. Nxd5 cxd5
15. dxe5 Bxe5 16. Bc3 Bxc3+ 17. Qxc3 Qe7 18. Kf2 Be6 19. Qd4 Rac8 20. Rac1 Rfe8
21. Rxc8 Rxc8 22. Rc1 Rxc1 23. Nxc1 Qd7 24. Ne2 Qb5 25. Qc3 Nc4 26. Nd4 Qb6 27.
Bc2 Bd7 28. Bb3 Be6 29. h4 a6 30. Bc2 Bd7 31. b3 Nd6 32. a4 a5 33. Bd3 Kg8 34.
Ne2 Be6 35. Qe5 Bf7 36. Bxf5 g6 37. Bc2 Qc7 38. Qb2 b5 39. axb5 Nxb5 40. Bd3
Qc5 41. Qe5 1-0

[Event "FRA Team Ch"]
[Site "SAUTRON"]
[Date "2002.03.29"]
[Round "4.7"]
[White "Bernard, Jacques"]
[Black "Brochet, Philippe"]
[Result "0-1"]
[WhiteElo "2235"]
[BlackElo "2381"]
[PlyCount "112"]
[EventDate "2002.03.??"]
[WhiteTeam "Noyon"]
[BlackTeam "Nice"]

1. Nf3 c5 2. e4 Nc6 3. d4 cxd4 4. Nxd4 d5 5. Bb5 dxe4 6. Nxc6 Qxd1+ 7. Kxd1 a6
8. Ba4 Bd7 9. Nc3 Bxc6 10. Bxc6+ bxc6 11. Nxe4 e5 12. Ke2 f5 13. Nd2 Nf6 14.
Nc4 O-O-O 15. Nxe5 Re8 16. f4 Bd6 17. Kf3 Bxe5 18. fxe5 Rxe5 19. Bf4 Re6 20.
Rhe1 Ne4 21. h4 h6 22. g4 fxg4+ 23. Kxg4 Rf8 24. Kf3 Nd2+ 25. Kg4 h5+ 26. Kg3
Ref6 27. Bxd2 Rf3+ 28. Kg2 Rf2+ 29. Kg1 Rxd2 30. Rac1 Rf4 31. Re8+ Kd7 32. Rce1
Rxc2 33. R8e7+ Kd6 34. R7e6+ Kc7 35. Re7+ Kb6 36. Rxg7 Rxh4 37. Rg2 Rg4 38.
Rxg4 hxg4 39. Re8 Kc5 40. Rb8 Kd4 41. Rb4+ Rc4 42. Rb6 a5 43. Kg2 Rb4 44. Rxc6
Rxb2+ 45. Kg3 Rxa2 46. Kxg4 a4 47. Rc8 Ra1 48. Kf3 a3 49. Kg2 Rb1 50. Rd8+ Kc3
51. Rc8+ Kb2 52. Rb8+ Ka1 53. Rf8 a2 54. Kg3 Kb2 55. Rf2+ Ka3 56. Rf3+ Rb3 0-1

[Event "FRA Team Ch"]
[Site "SAUTRON"]
[Date "2002.03.29"]
[Round "4.8"]
[White "Leski, Marc"]
[Black "Wolfangel, Florence"]
[Result "1-0"]
[WhiteElo "2421"]
[BlackElo "1960"]
[PlyCount "91"]
[EventDate "2002.03.??"]
[WhiteTeam "Nice"]
[BlackTeam "Noyon"]

1. Nf3 d5 2. g3 c5 3. Bg2 Nc6 4. d4 cxd4 5. Nxd4 e5 6. Nxc6 bxc6 7. c4 Nf6 8.
Nc3 e4 9. O-O Bb4 10. Nxd5 cxd5 11. Qa4+ Bd7 12. Qxb4 Qe7 13. Qxe7+ Kxe7 14.
cxd5 Bb5 15. Bg5 Rhe8 16. Bxe4 Kf8 17. Bg2 Bxe2 18. Rfc1 Rad8 19. Rc7 a6 20.
Rac1 h6 21. Bxf6 gxf6 22. b3 Kg7 23. h3 Bb5 24. a4 Bd3 25. Rd1 Be2 26. Rd4 Rd6
27. b4 Bh5 28. Rc6 Red8 29. Rxd6 Rxd6 30. Kf1 Bg6 31. Rd2 Bf5 32. Ke2 Bd7 33.
a5 Bb5+ 34. Ke3 f5 35. Kd4 Kf6 36. Rd1 Ke7 37. Bf1 Ba4 38. Rc1 Kd7 39. Bd3 f4
40. gxf4 Bb3 41. Rc5 Ba4 42. b5 Bxb5 43. Bxb5+ axb5 44. Rxb5 Ra6 45. Kc5 h5 46.
Rb7+ 1-0

[Event "FRA Team Ch"]
[Site "SAUTRON"]
[Date "2002.03.??"]
[Round "4.1"]
[White "Gurevich, Mikhail"]
[Black "Shchekachev, Andrei"]
[Result "1-0"]
[WhiteElo "2641"]
[BlackElo "2573"]
[PlyCount "119"]
[EventDate "2002.03.??"]
[WhiteTeam "Gonfreville"]
[BlackTeam "Montpellier"]

1. d4 Nf6 2. c4 g6 3. Nc3 Bg7 4. e4 d6 5. Nf3 O-O 6. Be2 e5 7. O-O Nc6 8. d5
Ne7 9. Nd2 a5 10. a3 Nd7 11. Rb1 f5 12. b4 Kh8 13. Qc2 Ng8 14. exf5 gxf5 15. f4
axb4 16. axb4 exf4 17. Nf3 Ndf6 18. Bd3 Ne7 19. Ne2 Nh5 20. Nxf4 Nxf4 21. Bxf4
Ng6 22. Bc1 Qe7 23. Bb2 Bxb2 24. Qxb2+ Qg7 25. Qxg7+ Kxg7 26. Nd4 f4 27. Bxg6
hxg6 28. Rbe1 Bd7 29. Re7+ Rf7 30. Rxf7+ Kxf7 31. Rxf4+ Ke7 32. h4 c6 33. g4
Ra3 34. Kg2 cxd5 35. cxd5 Be8 36. Re4+ Kd7 37. Ne6 Bf7 38. Nf4 Ra2+ 39. Kg3 Rd2
40. Re1 Rb2 41. Re4 Rb3+ 42. Kf2 Rb2+ 43. Kf3 Rb3+ 44. Re3 Rxb4 45. h5 gxh5 46.
gxh5 Rxf4+ 47. Kxf4 Bxh5 48. Rb3 Kc7 49. Kf5 Bf7 50. Rb5 Be8 51. Rb2 Bf7 52.
Rd2 Kb6 53. Kf6 Bg8 54. Kg7 Bxd5 55. Rxd5 Kc6 56. Rh5 b5 57. Kf6 d5 58. Ke5 Kc5
59. Kf4 Kd4 60. Kf3 1-0

[Event "FRA Team Ch"]
[Site "SAUTRON"]
[Date "2002.03.??"]
[Round "4.3"]
[White "Rausis, Igors"]
[Black "Hamdouchi, Hichem"]
[Result "1/2-1/2"]
[WhiteElo "2466"]
[BlackElo "2522"]
[PlyCount "106"]
[EventDate "2002.03.??"]
[WhiteTeam "Gonfreville"]
[BlackTeam "Montpellier"]

1. e4 d6 2. d4 Nf6 3. Bd3 e5 4. c3 d5 5. dxe5 Nxe4 6. Nd2 Nc5 7. Bb1 Be7 8. f4
d4 9. Nb3 Nxb3 10. axb3 Nc6 11. Nf3 Bg4 12. Qe2 Bc5 13. Be4 Bb6 14. h3 Bxf3 15.
Qxf3 O-O 16. O-O dxc3+ 17. Kh1 cxb2 18. Bxb2 Qh4 19. Bxc6 bxc6 20. Rad1 Rad8
21. Qxc6 Rxd1 22. Rxd1 Qxf4 23. Ba3 Rb8 24. e6 fxe6 25. Qxe6+ Qf7 26. Qxf7+
Kxf7 27. Rd7+ Ke6 28. Rxg7 Bd4 29. Re7+ Kf6 30. Re4 c5 31. b4 a5 32. bxa5 Rb1+
33. Kh2 Bg1+ 34. Kh1 Bd4+ 35. Kh2 Kf5 36. Re2 Bg1+ 37. Kh1 Bd4+ 38. Kh2 Ra1 39.
Bb2 Bxb2 40. Rxb2 Rxa5 41. Rb7 h5 42. Rh7 Kg5 43. Rd7 c4 44. Rc7 Ra4 45. Rc5+
Kf4 46. Rxh5 Ke3 47. Rh4 Kd3 48. Rf4 Ra1 49. Rf3+ Kd4 50. Rf4+ Kd5 51. Rf3 Kd4
52. Rf4+ Kd5 53. Rf3 Kd4 1/2-1/2

[Event "FRA Team Ch"]
[Site "SAUTRON"]
[Date "2002.03.??"]
[Round "4.4"]
[White "Flear, Glenn C"]
[Black "Beikert, Guenther"]
[Result "0-1"]
[WhiteElo "2511"]
[BlackElo "2438"]
[PlyCount "70"]
[EventDate "2002.03.??"]
[WhiteTeam "Montpellier"]
[BlackTeam "Gonfreville"]

1. d4 d5 2. c4 c6 3. Nc3 Nf6 4. e3 e6 5. Nf3 Nbd7 6. Bd3 a6 7. e4 dxc4 8. Bxc4
c5 9. e5 Ng4 10. h3 cxd4 11. hxg4 dxc3 12. bxc3 Qc7 13. Qd4 b6 14. Bf4 Bb7 15.
Be2 Rc8 16. c4 Bb4+ 17. Kf1 Nf8 18. Bg3 Ng6 19. g5 Rd8 20. Qg4 Bc3 21. Rb1 Qc5
22. Rb3 Qa5 23. Kg1 Qxa2 24. Rxb6 Qxe2 25. Rxb7 Rd1+ 26. Kh2 h5 27. Qh3 h4 28.
Rb8+ Rd8 29. Rxd8+ Kxd8 30. Bf4 Nxf4 31. Qg4 Ng6 32. Kh3 Qxf2 33. Rb1 Qg3+ 34.
Qxg3 hxg3+ 35. Kxg3 Kc7 0-1

[Event "FRA Team Ch"]
[Site "SAUTRON"]
[Date "2002.03.??"]
[Round "4.5"]
[White "Vallin, Guillaume"]
[Black "Prie, Eric"]
[Result "1/2-1/2"]
[WhiteElo "2356"]
[BlackElo "2497"]
[PlyCount "107"]
[EventDate "2002.03.??"]
[WhiteTeam "Gonfreville"]
[BlackTeam "Montpellier"]

1. d4 d5 2. c4 c6 3. Nc3 Nf6 4. Nf3 a6 5. a4 e6 6. Bg5 Nbd7 7. a5 h6 8. Bxf6
Qxf6 9. e3 Qd8 10. Be2 Bb4 11. Qa4 Be7 12. O-O O-O 13. Rfd1 f5 14. Ne5 Nxe5 15.
dxe5 Qc7 16. cxd5 exd5 17. Qd4 Be6 18. b4 g6 19. Rac1 Rad8 20. Na4 Rfe8 21. f4
Bf8 22. Nc5 Bc8 23. Bf3 Qf7 24. Rd2 Kh7 25. Be2 Be7 26. Bd3 Rg8 27. Rf2 Rg7 28.
g3 Rf8 29. Rcf1 Bd8 30. Rg2 Qe7 31. Rc1 Bc7 32. Kf2 Qd8 33. Rgg1 Qe8 34. Be2
Bd8 35. Bf3 Rff7 36. Rc2 Re7 37. Rgc1 Bc7 38. Nd3 Qd8 39. Bg2 Be6 40. Nc5 Bc8
41. Na4 Be6 42. Bf3 Bc8 43. Rd2 Qe8 44. Nb6 Be6 45. Rdc2 Qd8 46. Rd2 Qe8 47.
Ra1 Rg8 48. Qc5 Reg7 49. Rc1 Bb8 50. Na4 Bc7 51. Qd4 Qf8 52. Nc5 Bc8 53. Nb3
Be6 54. Nc5 1/2-1/2

[Event "FRA Team Ch"]
[Site "SAUTRON"]
[Date "2002.03.??"]
[Round "4.6"]
[White "Santo-Roman, Marc"]
[Black "Eliet, Nicolas"]
[Result "1-0"]
[WhiteElo "2413"]
[BlackElo "2401"]
[PlyCount "51"]
[EventDate "2002.03.??"]
[WhiteTeam "Montpellier"]
[BlackTeam "Gonfreville"]

1. e4 d6 2. d4 Nf6 3. Nc3 Nbd7 4. f4 e5 5. Nf3 exd4 6. Qxd4 c6 7. Be3 d5 8.
exd5 Bc5 9. Qd3 Qe7 10. Kd2 O-O 11. Re1 cxd5 12. Bxc5 Qxc5 13. Qd4 Qa5 14. Bd3
Rd8 15. Kc1 Nc5 16. Kb1 Nce4 17. Nd1 Bd7 18. Ne3 Bb5 19. Nf5 Bc4 20. Bxc4 dxc4
21. Qe5 Nd2+ 22. Nxd2 Qxd2 23. Nxg7 Qd4 24. Nf5 Qxe5 25. fxe5 Nd7 26. Rhf1 1-0

[Event "FRA Team Ch"]
[Site "SAUTRON"]
[Date "2002.03.??"]
[Round "4.7"]
[White "Gouret, Thierry"]
[Black "Boudre, Jean-Pierre"]
[Result "1/2-1/2"]
[WhiteElo "2270"]
[BlackElo "2384"]
[PlyCount "135"]
[EventDate "2002.03.??"]
[WhiteTeam "Gonfreville"]
[BlackTeam "Montpellier"]

1. c4 b6 2. e4 Bb7 3. d3 e6 4. Nc3 Bb4 5. Bd2 Ne7 6. a3 Bxc3 7. Bxc3 O-O 8. Nf3
f5 9. e5 c5 10. Be2 Ng6 11. Qd2 Nh4 12. Nxh4 Qxh4 13. g3 Qh3 14. Bf1 Qh5 15.
Be2 Qf7 16. Rg1 f4 17. gxf4 Qxf4 18. Qxf4 Rxf4 19. Rg4 Rf5 20. f4 Nc6 21. Kd2
Raf8 22. Rag1 g6 23. Ke3 Ne7 24. d4 cxd4+ 25. Bxd4 R5f7 26. Bd3 Rc8 27. b3 Kf8
28. a4 Kg7 29. Bb2 Nf5+ 30. Bxf5 Rxf5 31. Rg5 Rxg5 32. Rxg5 Bc6 33. Rg1 Kf7 34.
Ra1 Bb7 35. Rd1 Bc6 36. Ra1 Bb7 37. Bd4 Bc6 38. Ra2 Rc7 39. Ra1 Rc8 40. a5 bxa5
41. Rxa5 Rb8 42. Ra3 a6 43. Ba7 Rb7 44. Bc5 Rb8 45. Bd6 Ra8 46. Kd4 g5 47. fxg5
Kg6 48. Kc5 Kxg5 49. Kb6 Be4 50. Rxa6 Rc8 51. Kb5 Kh4 52. Ra2 Kh3 53. Kb4 h5
54. Rf2 Rg8 55. Be7 Rg4 56. Kc5 Bg2 57. Kd6 Rd4+ 58. Kc5 Rd3 59. Rf4 Kxh2 60.
Rh4+ Kg3 61. Rxh5 Rxb3 62. Kd6 Bc6 63. Rh8 Rc3 64. c5 Rd3+ 65. Kc7 Kf4 66. Bd6
Ra3 67. Rf8+ Ke4 68. Kd8 1/2-1/2

[Event "FRA Team Ch"]
[Site "SAUTRON"]
[Date "2002.03.??"]
[Round "4.8"]
[White "Sarthou, Gaetan"]
[Black "Gervais, Claire"]
[Result "1-0"]
[WhiteElo "2369"]
[BlackElo "2169"]
[PlyCount "49"]
[EventDate "2002.03.??"]
[WhiteTeam "Montpellier"]
[BlackTeam "Gonfreville"]

1. d4 e6 2. c4 Nf6 3. Nc3 b6 4. e4 Bb7 5. f3 d6 6. Be3 Nfd7 7. f4 Be7 8. Nf3
Nf6 9. Bd3 c5 10. d5 exd5 11. exd5 Bc8 12. h3 h5 13. g3 Bd7 14. Ng5 Qc8 15. Qe2
Ng8 16. f5 Nh6 17. O-O Qd8 18. Ne6 fxe6 19. fxe6 Bf6 20. Bg6+ Kf8 21. Rae1 Ng8
22. Bg5 Be8 23. e7+ Nxe7 24. Bxe8 Kxe8 25. Rxf6 1-0

[Event "FRA Team Ch"]
[Site "SAUTRON"]
[Date "2002.03.??"]
[Round "4.9"]
[White "Theon, Pierre"]
[Black "Flear, Christine"]
[Result "1-0"]
[WhiteElo "2214"]
[BlackElo "2164"]
[PlyCount "77"]
[EventDate "2002.03.??"]
[WhiteTeam "Gonfreville"]
[BlackTeam "Montpellier"]

1. e4 c5 2. Nc3 e6 3. f4 Nc6 4. Nf3 g6 5. d4 cxd4 6. Nxd4 a6 7. Be3 Bg7 8. Qd2
Nge7 9. O-O-O O-O 10. g4 Qc7 11. f5 Nxd4 12. Bxd4 Bxd4 13. Qxd4 Qf4+ 14. Kb1
Qxg4 15. Qf6 Nc6 16. h4 Qf4 17. Rg1 b5 18. Bd3 Ne5 19. Rdf1 Nf3 20. Ne2 Qe5 21.
Qe7 Nd2+ 22. Ka1 Nxf1 23. Rxf1 Bb7 24. h5 Bxe4 25. Bxe4 Qxe4 26. Ng3 Qxc2 27.
Qf6 Rac8 28. a3 Qd2 29. Ka2 Qh2 30. Rh1 Rc2 31. Rxh2 Rxh2 32. Qg5 exf5 33. Nxf5
Rxh5 34. Ne7+ Kg7 35. Qd2 f6 36. Qxd7 Rf7 37. Qd6 Re5 38. Nd5 h5 39. Nxf6 1-0

[Event "FRA Team Ch"]
[Site "SAUTRON"]
[Date "2002.03.??"]
[Round "4.1"]
[White "Istratescu, Andrei"]
[Black "Oms Pallise, Josep"]
[Result "1/2-1/2"]
[WhiteElo "2605"]
[BlackElo "2424"]
[PlyCount "37"]
[EventDate "2002.03.??"]
[WhiteTeam "Sautron"]
[BlackTeam "Toulouse"]

1. d4 Nf6 2. c4 e6 3. Nf3 d5 4. Nc3 Nbd7 5. cxd5 exd5 6. Bf4 c6 7. e3 Nh5 8.
Bg5 Be7 9. Bxe7 Qxe7 10. Be2 g6 11. O-O O-O 12. Rb1 a5 13. a3 Nb6 14. Ne5 Bf5
15. e4 Bxe4 16. Nxe4 dxe4 17. Bxh5 gxh5 18. Qxh5 f6 19. Ng4 {suite illisible}
1/2-1/2

[Event "FRA Team Ch"]
[Site "SAUTRON"]
[Date "2002.03.??"]
[Round "4.2"]
[White "Arizmendi Martinez, Julen Luis"]
[Black "Dgebuadze, Alexandre"]
[Result "1/2-1/2"]
[WhiteElo "2497"]
[BlackElo "2544"]
[PlyCount "67"]
[EventDate "2002.03.??"]
[WhiteTeam "Toulouse"]
[BlackTeam "Sautron"]

1. e4 e6 2. d4 d5 3. Nc3 Bb4 4. exd5 exd5 5. Bd3 Nc6 6. a3 Ba5 7. Be3 Nf6 8.
Nge2 Bg4 9. f3 Be6 10. O-O Bb6 11. Na4 h6 12. Nxb6 axb6 13. Ng3 Ne7 14. Re1 Nc8
15. f4 O-O 16. f5 Bd7 17. Bf4 Nd6 18. Bxd6 cxd6 19. Qd2 Bc6 20. Re2 Qd7 21.
Rae1 Bb5 22. Re7 Qc6 23. Bxb5 Qxb5 24. c3 Rfe8 25. h3 Qc6 26. Kh2 Kf8 27. Rxe8+
Rxe8 28. Rxe8+ Qxe8 29. Qf4 Qe7 30. Qf1 Qe3 31. Qe2 Qf4 32. Qf1 Qe3 33. Qe2 Qf4
34. Qf1 1/2-1/2

[Event "FRA Team Ch"]
[Site "SAUTRON"]
[Date "2002.03.??"]
[Round "4.3"]
[White "Belkhodja, Slim"]
[Black "Bricard, Emmanuel"]
[Result "1-0"]
[WhiteElo "2506"]
[BlackElo "2443"]
[PlyCount "77"]
[EventDate "2002.03.??"]
[WhiteTeam "Sautron"]
[BlackTeam "Toulouse"]

1. e4 g6 2. d4 Bg7 3. Nc3 d6 4. g3 c6 5. a4 d5 6. e5 f6 7. f4 Nh6 8. Bg2 O-O 9.
Nf3 Bg4 10. Be3 fxe5 11. dxe5 g5 12. Qd2 gxf4 13. gxf4 Nd7 14. O-O-O Qa5 15.
Rhg1 Nb6 16. Bxb6 axb6 17. Ng5 Qb4 18. Bh3 Bxh3 19. Nxh3 Nf5 20. Ng5 d4 21. Nb1
Rxa4 22. Ne6 Qxd2+ 23. Rxd2 Rf7 24. Rdg2 h6 25. Kd2 c5 26. b3 Ra8 27. Kd3 Kh7
28. Nd2 Bh8 29. Ne4 Ng7 30. Nxg7 Rxg7 31. Rxg7+ Bxg7 32. Ng3 h5 33. Nxh5 Bh6
34. f5 Be3 35. Rg6 Rg8 36. Re6 Rc8 37. Rxe7+ Kh6 38. Nf6 Kg5 39. Kc4 1-0

[Event "FRA Team Ch"]
[Site "SAUTRON"]
[Date "2002.03.??"]
[Round "4.4"]
[White "Boyd, Stephen"]
[Black "Bunzmann, Dimitrij"]
[Result "0-1"]
[WhiteElo "2362"]
[BlackElo "2469"]
[PlyCount "52"]
[EventDate "2002.03.??"]
[WhiteTeam "Toulouse"]
[BlackTeam "Sautron"]

1. e4 e6 2. d3 d5 3. Nd2 Nf6 4. Ngf3 b6 5. g3 dxe4 6. dxe4 Bc5 7. Bg2 Ba6 8. c4
Qd3 9. Qe2 Qxe2+ 10. Kxe2 Bb7 11. Ne5 Bd4 12. Nd3 Nc6 13. e5 Ng4 14. f4 Ne3 15.
Be4 O-O-O 16. Rb1 f6 17. exf6 gxf6 18. b3 f5 19. Bf3 Rhe8 20. Bh5 Re7 21. Nf3
Ng4 22. Ba3 Red7 23. Ng5 Bf6 24. Nxe6 Rxd3 25. Nxd8 Rxd8 26. Rhd1 Nd4+ 0-1

[Event "FRA Team Ch"]
[Site "SAUTRON"]
[Date "2002.03.??"]
[Round "4.5"]
[White "Gerard, Nicolas"]
[Black "Van Elst, Andreas"]
[Result "1-0"]
[WhiteElo "2273"]
[BlackElo "2298"]
[PlyCount "77"]
[EventDate "2002.03.??"]
[WhiteTeam "Sautron"]
[BlackTeam "Toulouse"]

1. d4 Nf6 2. c4 g6 3. Nc3 Bg7 4. e4 d6 5. f4 c5 6. d5 O-O 7. Nf3 e6 8. Be2 exd5
9. cxd5 b5 10. e5 dxe5 11. fxe5 Ng4 12. Bg5 Qb6 13. O-O Nd7 14. e6 fxe6 15.
dxe6 Qxe6 16. Nxb5 Rb8 17. Nc7 Qe4 18. Bd3 Qb4 19. b3 Nde5 20. Rc1 Nxf3+ 21.
gxf3 Qd4+ 22. Kg2 Ne3+ 23. Bxe3 Qxe3 24. Be4 Bd4 25. Rc2 Qg5+ 26. Kh1 Bh3 27.
Re1 Rbd8 28. Qe2 Rf7 29. Qc4 Qe5 30. Nb5 Kg7 31. Qe2 Qf4 32. Na3 Be5 33. Nc4
Bb8 34. Bc6 Bf5 35. Be4 Re7 36. Qg2 Bxe4 37. fxe4 Rf7 38. Rce2 Be5 39. Ne3 1-0

[Event "FRA Team Ch"]
[Site "SAUTRON"]
[Date "2002.03.??"]
[Round "4.6"]
[White "Dimitrov, Christo"]
[Black "Mullon, Jean-Baptiste"]
[Result "1-0"]
[WhiteElo "2212"]
[BlackElo "2296"]
[PlyCount "74"]
[EventDate "2002.03.??"]
[WhiteTeam "Toulouse"]
[BlackTeam "Sautron"]

1. Nf3 d5 2. d4 Nf6 3. e3 Bf5 4. Bd3 Bxd3 5. Qxd3 c6 6. O-O e6 7. Nbd2 Qb6 8.
b3 Nbd7 9. e4 Be7 10. Re1 a5 11. a3 a4 12. b4 Qa6 13. c4 Rd8 14. exd5 cxd5 15.
b5 Qa7 16. c5 O-O 17. Ne5 Qa5 18. Nxd7 Rxd7 19. Bb2 g6 20. g3 Rdd8 21. Rab1 Nh5
22. Bc3 Qc7 23. Nf3 Bf6 24. Rb4 Ra8 25. Qc2 Qd7 26. Reb1 Ng7 27. Rxa4 Nf5 28.
Rxa8 Rxa8 29. a4 g5 30. Qd1 h5 31. a5 g4 32. Ne1 Bg7 33. h3 gxh3 34. Nf3 h4 35.
Nxh4 Nxh4 36. gxh4 e5 37. Qf3 exd4 1-0